000 00630nam a2200193 i 4500
001 28420
003 ES-MaACL
005 20230906153842.0
007 t|
008 030117s1912 gw af |||| | fre d
080 _a915-011"1912"
100 1 _aBaedeker, Karl.
_924575
245 1 0 _aPalestine et Syrie, routes principales a travers le Mesopotamie et la Babylonie, l'ile de Chypre
_b: manuel du voyageur /
_cpar Karl Baedeker.
250 _a4e éd.
260 _aLeipzig :
_bBrietkopf & Hartel,
_c1912.
300 _a458 p., 41 lám. ;
_c16 cm.
651 4 _aOriente Medio-
_xDescripción.
_9159943
852 _aES-MaACL
_jB-1452
999 _c28420
_d28420